书目信息 |
| 题名: |
再生纤维与废纸脱墨技术
|
|
| 作者: | 刘秉钺 , 韩颖 编著 | |
| 分册: | ||
| 出版信息: | 北京 化学工业出版社 2005 |
|
| 页数: | ||
| 开本: | 20cm | |
| 丛书名: | 现代纸生产技术丛书 | |
| 单 册: | ||
| 中图分类: | TS724 | |
| 科图分类: | ||
| 主题词: | 造纸--原料 , 造纸--辅助材料 | |
| 电子资源: | ||
| ISBN: | 7-5025-6615-5 | |
| 000 | 00698nam0 2200229 450 | |
| 001 | 0754114953 | |
| 005 | 20070929150154.95 | |
| 010 | @a7-5025-6615-5 | |
| 100 | @a20070929d km y0chiy0120 ea | |
| 101 | 0 | @achi |
| 200 | 1 | @a再生纤维与废纸脱墨技术@Azai sheng xian wei yu fei zhi tuo mo ji shu@f刘秉钺,韩颖 编著@Fliu bing yue,han ying bian zhu |
| 210 | @a北京@c化学工业出版社@d2005 | |
| 215 | @c插图@d20cm | |
| 225 | 2 | @a现代纸生产技术丛书 |
| 410 | 0 | @12001 @a现代纸生产技术丛书 |
| 606 | 0 | @a造纸@x原料 |
| 606 | 0 | @a造纸@x辅助材料 |
| 690 | @aTS724@v3 | |
| 701 | 0 | @a刘秉钺@Aliu bing yue@4编著 |
| 701 | 0 | @a韩颖@Ahan ying@4编著 |
| 801 | 0 | @aCN@bPFT@c20070929 |
| 905 | @a213230@dTS724@eh17@f1 | |
| 再生纤维与废纸脱墨技术/刘秉钺,韩颖 编著.-北京:化学工业出版社,2005 |
| 插图;20cm.-(现代纸生产技术丛书) |
| ISBN 7-5025-6615-5: |
| ● |
| 相关链接 |
|
|
|
|
正题名:再生纤维与废纸脱墨技术
索取号:TS724/h17
 
预约/预借
| 序号 | 登录号 | 条形码 | 馆藏地/架位号 | 状态 | 备注 |
| 1 | 6002463 | 260024636 | 密集书库-化学系/ [索取号:TS724/h17] | 在馆 |